000 00540nam a2200169 i 4500
001 53017
003 ES-MaACL
005 20250826072023.0
007 t|
008 031003s1848 fr |||| | fre d
245 0 3 _aLe droit au travail áa l'Assemblée Nationale
_b: recueil complet de tous les discours prononcés dans cette mémorable discussion...
260 _aParis :
_b[s.n.],
_c1848.
300 _aXXIV, 455 p. ;
_c22 cm.
650 0 4 _aTrabajo-
_zFrancia
_917596
852 _aES-MaACL
_jG-13607
999 _c53017
_d53017